000 00787nam a2200241 a 4500
999 _c10927
_d10927
001 10927
003 BD-JhCC
005 20190620091938.0
008 190528b2018 bd ||||| a||| 00| 0 eng d
020 _a9789847764054
035 _a(BD-JhCC)10927
040 _aBD-JhCC
_dBD-JhCC
041 _aben
082 _bKOB 2018
_a923
100 _aকবীর, বিচারপতি এ. টি. এম. ফজলে
245 _aবিচারক জীবনের কিছু স্মৃতি কথা /
_cবিচারপতি এ. টি. এম. ফজলে কবীর,
260 _aঢাকা :
_bঐতিহ্য;
_c2018.
300 _a127 p. :
_c22 cm.
600 _aKabir, A.T.M Fazle
_d1974-
650 _aMemories
942 _2ddc
_cBK